000 00937nam a2200289 i 4500
001 bg
100 1 _aPedrycz, Witold
_d(1953- ).
245 1 0 _aFuzzy control and fuzzy systems /
_cWitold Pedrycz.
250 _a2nd extended ed.
260 _aTaunton :
_bResearch Studies Press,
_c1993.
300 _aXIII, 350 s. :
_brys., wykr. ;
_c24 cm.
490 1 _aElectronic & Electrical Engineering Research Studies. Control Theory and Applications Series ;
_v4
504 _aBibliogr. przy rozdz. - Indeks.
650 4 _aAutomatyka
_xkontrola
650 4 _aSterowanie
_xteoria
650 4 _aCybernetyka
830 0 _aElectronic & Electrical Engineering Research Studies.
_pControl Theory and Applications Series ;
_v4
020 _a0863801315
040 _cBPK
041 _apol
080 _a62-52
080 _a519.7
080 _a681.5
920 _a0-86380-131-5
942 _cKS
008 s pl f |000 0 pol
999 _c30222
_d30222
856 _uhttp://koha.tu.koszalin.pl/cgi-bin/koha/opac-detail.pl?biblionumber=30222
_yKatalog online BPK